Hodnotenie efektívnosti v bankovom sektore bakalárska práca

Salvato in:
Dettagli Bibliografici
Autore principale: Matľáková, Gabriela
Ente Autore: Podnikovohospodárska fakulta EU so sídlom v Košiciach. Katedra ekonómie
Altri autori: Lacko, Roman, 1988-
Natura: Libro
Lingua:slovacco
Pubblicazione: Košice 2020
Tags: Aggiungi Tag
Nessun Tag, puoi essere il primo ad aggiungerne!!

MARC

LEADER 00000nbm a2200000 4500
001 0265363
005 20240827092334.9
041 0 |a slo 
044 |a SK 
245 1 0 |a Hodnotenie efektívnosti v bankovom sektore  |b bakalárska práca  |c Gabriela Matľáková ; školiteľ: Roman Lacko 
264 1 |a Košice  |c 2020 
300 |a 51 s. 
100 1 |a Matľáková, Gabriela 
700 1 |a Lacko, Roman, 1988- 
710 2 |a Podnikovohospodárska fakulta EU so sídlom v Košiciach. Katedra ekonómie